Sözcük Korsanı (Kayıt no. 1273008)

MARC ayrıntıları
000 -LEADER
sabit uzunluktaki kontrol alanı 00277nam a2200109Ia 4500
001 - KONTROL NUMARASI
kontrol alanı 1273008
005 - EN SON İŞLEMİN TARİH VE ZAMANI
kontrol alanı 20260417151439.0
008 - SABİT-UZUNLUKTA VERİ ÖĞELERİ--GENEL BİLGİ
sabit uzunluktaki kontrol alanı 260417s9999 xx 000 0 und d
020 ## - ULUSLARARASI STANDART KİTAP NUMARASI
Uluslararası Standart Kitap Numarası 9786059604734
245 #0 - ESER / YAZAR
ESER ADI Sözcük Korsanı
Yazar Adı Aşkın Güngör
260 ## - YAYIN, DAĞITIM, VB.
YAYIN EVİ Tudem Yayınları
Mevcut
Düşüm durumu Kayıp durumu Hasar Durumu Ödünç verilmez Ana kütüphane Geçerli Kütüphane Edinilen tarih Toplam ödünç verme sayısı Barkod Son görüntüleme tarihi Fiyatın geçerli olmaya başladığı tarih Koha materyal türü
        YAZIR FARABİ ORTAOKULU YAZIR FARABİ ORTAOKULU 17.04.2026   11092956 17.04.2026 17.04.2026 Kitaplar
Gemini Bilgi Teknolojileri A.Ş. tarafından düzenlenmiştir.